000 00453nam a2200181Ia 4500
008 100917s9999 xx 000 0 und d
082 _b36165
100 _aM. J. Sethna
245 _aMercantile Law
260 _bStandard Accountancy and Publication
_c1957
300 _a546
365 _b11.25
520 _aइंग्रजी
630 _aMercantile Law
650 _aइंग्रजी
730 _aMercantile Law
942 _cBOOK
999 _c641559
_d641556